000 00620nam a22002417a 4500
003 UA-OsUOA
001 92485
007 ta
008 20121219b un ||||| |||| 00| 0 ukr d
100 _aАрсеньев В. К.
090 _a821.161.1
_bА85
942 _cBK
040 _aUA-OsUOA
_brus
_cUA-OsUOA
_dUA-OsUOA
245 _aДерсу Узала
_bроман
300 _a221 с.
955 _a3
041 _arus
080 _a821.161.1
020 _a5-280-00100-7
260 _aМ.
_bХудлит
_c1988
650 7 _a82 Література. Літературознавство
_2UDC
999 _c378729
_d378729